Niemieckie nazwy polskich miast - Statystyki

Ogólne statystyki
  • Ten quiz został rozwiązany 202 razy
  • Średni wynik to 49 z 92
Statystyki odpowiedzi
Nazwa niemiecka Nazwa polska Województwo % Poprawnych
Breslau Wrocław Dolnośląskie
94%
Liegnitz Legnica Dolnośląskie
85%
Glogau Głogów Dolnośląskie
75%
Krakau Kraków Małopolskie
75%
Oppeln Opole Opolskie
75%
Plotzk (Schröttersburg) Płock Mazowieckie
75%
Warschau Warszawa Mazowieckie
75%
Auschwitz Oświęcim Małopolskie
72%
Danzig Gdańsk Pomorskie
71%
Kalisch Kalisz Wielkopolskie
71%
Zoppot Sopot Pomorskie
71%
Stettin Szczecin Zachodniopomorskie
71%
Elbing Elbląg Warmińsko-Mazurskie
70%
Kattowitz Katowice Śląskie
70%
Lodsch (Litzmannstadt) Łódź Łódzkie
70%
Lüben Lubin Dolnośląskie
70%
Sosnowitz Sosnowiec Śląskie
70%
Thorn Toruń Kujawsko-Pomorskie
70%
Neu Sandez Nowy Sącz Małopolskie
69%
Posen Poznań Wielkopolskie
69%
Ratibor Racibórz Śląskie
69%
Frauenstadt (Wadowitz) Wadowice Małopolskie
69%
Gdingen Gdynia Pomorskie
68%
Jaroslau Jarosław Podkarpackie
68%
Gleiwitz Gliwice Śląskie
67%
Myslowitz Mysłowice Śląskie
67%
Bromberg Bydgoszcz Kujawsko-Pomorskie
66%
Stargard in Pommern Stargard Zachodniopomorskie
66%
Swinemünde Świnoujście Zachodniopomorskie
65%
Gnesen Gniezno Wielkopolskie
64%
Reichshof Rzeszów Podkarpackie
63%
Pabianitz (Burgstadt) Pabianice Łódzkie
62%
Grünberg Zielona Góra Lubuskie
62%
Premissel Przemyśl Podkarpackie
61%
Schieratz Sieradz Łódzkie
61%
Waldenburg Wałbrzych Dolnośląskie
61%
Brieg Brzeg Opolskie
60%
Kolberg Kołobrzeg Zachodniopomorskie
60%
Köslin Koszalin Zachodniopomorskie
60%
Lomscha (Lumbsee) Łomża Podlaskie
60%
Osterode Ostróda Warmińsko-Mazurskie
60%
Görlitz Zgorzelec Dolnośląskie
60%
Znin Żnin Kujawsko-Pomorskie
59%
Tschenstochau Częstochowa Śląskie
58%
Kandrzin-Cosel Kędzierzyn-Koźle Opolskie
58%
Petrikau Piotrków Trybunalski Łódzkie
58%
Allenstein Olsztyn Warmińsko-Mazurskie
57%
Neisse Nysa Opolskie
56%
Schweidnitz Świdnica Dolnośląskie
56%
Krotoschin Krotoszyn Wielkopolskie
55%
Graudenz Grudziądz Kujawsko-Pomorskie
53%
Hirschberg Jelenia Góra Dolnośląskie
51%
Marienburg Malbork Pomorskie
51%
Sagan Żagań Lubuskie
51%
Gostingen Gostyń Wielkopolskie
50%
Neusalz Nowa Sól Lubuskie
50%
Wongrowitz Wągrowiec Wielkopolskie
50%
Landsberg an der Warthe Gorzów Wielkopolski Lubuskie
49%
Stolp Słupsk Pomorskie
49%
Belchental Bełchatów Łódzkie
48%
Lyck Ełk Warmińsko-Mazurskie
48%
Namslau Namysłów Opolskie
48%
Saanig Sanok Podkarpackie
48%
Sudauen Suwałki Podlaskie
48%
Stuhm Sztum Pomorskie
48%
Tichau Tychy Śląskie
47%
Neumarkt Nowy Targ Małopolskie
46%
Karthaus Kartuzy Pomorskie
45%
Wreschen Września Wielkopolskie
45%
Beuthen Bytom Śląskie
44%
Lissa Leszno Wielkopolskie
42%
Bartenstein Bartoszyce Warmińsko-Mazurskie
37%
Hindenburg Zabrze Śląskie
37%
Königshütte Chorzów Śląskie
35%
Leslau Włocławek Kujawsko-Pomorskie
32%
Guhrau Góra Dolnośląskie
31%
Hohensalza Inowrocław Kujawsko-Pomorskie
31%
Kreuzburg Kluczbork Opolskie
31%
Lentschütz Łęczyca Łódzkie
28%
Schneidemühl Piła Wielkopolskie
28%
Sorau Żary Lubuskie
28%
Zichenau Ciechanów Mazowieckie
27%
Bunzlau Bolesławiec Dolnośląskie
26%
Meseritz Międzyrzecz Lubuskie
25%
Deutsch Eylau Iława Warmińsko-Mazurskie
24%
Konitz Chojnice Pomorskie
21%
Marienwerder Kwidzyn Pomorskie
21%
Lauenburg in Pommern Lębork Pomorskie
21%
Scharfenwiese Ostrołęka Mazowieckie
20%
Krenau Chrzanów Małopolskie
16%
Deutsch Krone Wałcz Zachodniopomorskie
16%
Samter Szamotuły Wielkopolskie
12%
Nie znaleziono quizów pasujących do podanych kryteriów
Rozkład punktacji
Procent ludzi z każdym wynikiem
Percentyl według liczby udzielonych odpowiedzi
Twoja historia wyników
Nie rozwiązałeś tego quizu